000 00653nam a22002297a 4500
003 UA-OsUOA
001 73531
007 ta
008 20110303b un ||||| |||| 00| 0 ukr d
090 _a281.9(4)
_bП68
942 _cBK
040 _aUA-OsUOA
_brus
_cUA-OsUOA
_dUA-OsUOA
245 _aПравославная церковь в восточной Европе ХХ век
300 _a440 с.
955 _a2
041 _arus
080 _a281.9(4)
020 _a978-2-204-08978-4
260 _aК.
_bДУХ І ЛІТЕРА
_c2009
650 7 _a281.9 Східна православна церква і скопці
_2UDC
999 _c359822
_d359822